| 000 -LEADER |
| fixed length control field |
03043cam a2200457Ia 4500 |
| 001 - CONTROL NUMBER |
| control field |
752775534 |
| 003 - CONTROL NUMBER IDENTIFIER |
| control field |
OCoLC |
| 005 - DATE AND TIME OF LATEST TRANSACTION |
| control field |
20210411102559.0 |
| 008 - FIXED-LENGTH DATA ELEMENTS--GENERAL INFORMATION |
| fixed length control field |
110419s2012 nyua b 001 0 eng d |
| 015 ## - NATIONAL BIBLIOGRAPHY NUMBER |
| National bibliography number |
GBB152339 |
| Source |
bnb |
| 016 7# - NATIONAL BIBLIOGRAPHIC AGENCY CONTROL NUMBER |
| Record control number |
015798583 |
| Source |
Uk |
| 020 ## - INTERNATIONAL STANDARD BOOK NUMBER |
| International Standard Book Number |
9780071624947 (pbk.) |
| 020 ## - INTERNATIONAL STANDARD BOOK NUMBER |
| International Standard Book Number |
0071624945 (pbk.) |
| 035 ## - SYSTEM CONTROL NUMBER |
| System control number |
(OCoLC)752775534 |
| Canceled/invalid control number |
(OCoLC)659763911 |
| 040 ## - CATALOGING SOURCE |
| Original cataloging agency |
UKMGB |
| Transcribing agency |
UKMGB |
| Modifying agency |
BTCTA |
| -- |
YDXCP |
| -- |
OCLCO |
| -- |
ABH |
| -- |
VAM |
| 049 ## - LOCAL HOLDINGS (OCLC) |
| Holding library |
YYEA |
| -- |
VZYM |
| 080 ## - UNIVERSAL DECIMAL CLASSIFICATION NUMBER |
| Universal Decimal Classification number |
614 |
| Item number |
P-32 |
| 096 ## - LOCALLY ASSIGNED NLM-TYPE CALL NUMBER (OCLC) |
| Classification number |
WB 290 P273 2012 |
| 245 04 - TITLE STATEMENT |
| Title |
The patient history : |
| Remainder of title |
an evidence-based approach to differential diagnosis / |
| Statement of responsibility, etc. |
edited by Mark C. Henderson ; Lawrence M. Tierney, Jr. ; Gerald W. Smetana. |
| 250 ## - EDITION STATEMENT |
| Edition statement |
2nd ed. |
| 260 ## - PUBLICATION, DISTRIBUTION, ETC. |
| Place of publication, distribution, etc. |
New York ; |
| -- |
London : |
| Name of publisher, distributor, etc. |
McGraw-Hill Medical, |
| Date of publication, distribution, etc. |
2012. |
| 300 ## - PHYSICAL DESCRIPTION |
| Extent |
xiv, 738 p. : |
| Other physical details |
ill. ; |
| Dimensions |
28 cm. |
| 365 ## - TRADE PRICE |
| Price amount |
18.02 usd |
| 500 ## - GENERAL NOTE |
| General note |
EINSTEIN: also available online via AccessMedicine. See Reference staff for assistance. |
| 500 ## - GENERAL NOTE |
| General note |
MMC: available online via AccessMedicine. See Reference staff for assistance. |
| 504 ## - BIBLIOGRAPHY, ETC. NOTE |
| Bibliography, etc. note |
Includes bibliographical references and index. |
| 505 0# - FORMATTED CONTENTS NOTE |
| Formatted contents note |
History and physical examination: art and science -- Subtleties of medical history taking -- Patient-centered interviewing -- Clinician-centered interviewing -- Evidence-based clinical decision making -- Dizziness -- Fatigue -- Fever -- Headache -- Insomnia -- Lymphadenopathy -- Night sweats -- Muscle weakness -- Weight gain -- Weight loss -- Red eye -- Ear pain -- Hearing loss -- Tinnitus -- Sore throat -- Inflammatory dermatoses (rashes) -- Pruritus -- Hair loss -- Cough -- Dyspnea -- Hemoptysis -- Chest pain -- Palpitations -- Syncope -- Edema -- Abdominal pain -- Constipation -- Diarrhea -- Dysepsia -- Dysphagia -- Acute gastrointestinal bleeding -- Jaundice -- Nausea and vomiting -- Anorectal pain -- Dysuria -- Hematuria -- Flank pain -- Erectile dysfunction -- Urinary incontinence -- Scrotal pain -- Amenorrhea -- Breast complaints -- Pelvic pain -- Vaginitis -- Abnormal vaginal bleeding -- Neck pain -- Shoulder pain -- Arm and hand pain -- Low back pain -- Buttock, hip, and thigh pain -- Knee and calf pain -- Foot and ankle pain -- Confusion -- Memory loss -- Diplopia -- Gait abnormalities -- Tremor -- Anxiety -- Depressed mood -- The case presentation. |
| 590 ## - LOCAL NOTE (RLIN) |
| Local note |
c.1 10062543 Ritt 8/21/12 $50.00. |
| 650 #2 - SUBJECT ADDED ENTRY--TOPICAL TERM |
| Topical term or geographic name entry element |
Medical History Taking. |
| 650 #2 - SUBJECT ADDED ENTRY--TOPICAL TERM |
| Topical term or geographic name entry element |
Evidence-Based Medicine. |
| 653 ## - INDEX TERM--UNCONTROLLED |
| Uncontrolled term |
ჯანდაცვა |
| 653 ## - INDEX TERM--UNCONTROLLED |
| Uncontrolled term |
პაციენტის ისტორიის შეკრება |
| 655 #7 - INDEX TERM--GENRE/FORM |
| Genre/form data or focus term |
Electronic books. |
| 700 1# - ADDED ENTRY--PERSONAL NAME |
| Personal name |
Henderson, Mark C. |
| 700 1# - ADDED ENTRY--PERSONAL NAME |
| Personal name |
Tierney, Lawrence M. |
| 700 1# - ADDED ENTRY--PERSONAL NAME |
| Personal name |
Smetana, Gerald W. |
| 710 2# - ADDED ENTRY--CORPORATE NAME |
| Corporate name or jurisdiction name as entry element |
AccessMedicine (Online service) |
| 856 40 - ELECTRONIC LOCATION AND ACCESS |
| Uniform Resource Identifier |
<a href="https://elibrary.einsteinmed.org/login?url=https://accessmedicine.mhmedical.com/book.aspx?bookid=500 ">https://elibrary.einsteinmed.org/login?url=https://accessmedicine.mhmedical.com/book.aspx?bookid=500 </a> |
| Public note |
EINSTEIN: AccessMedicine ebook collection |
| 856 41 - ELECTRONIC LOCATION AND ACCESS |
| Uniform Resource Identifier |
<a href="https://accessmedicine.mhmedical.com/book.aspx?bookid=500 ">https://accessmedicine.mhmedical.com/book.aspx?bookid=500 </a> |
| Public note |
MMC: AccessMedicine ebook collection |
| 942 ## - ADDED ENTRY ELEMENTS (KOHA) |
| Source of classification or shelving scheme |
|
| Koha item type |
Books |
| Edition |
2 |